| 000 | 00912nam a2200253 a 4500 | ||
|---|---|---|---|
| 001 | BRCA_3680 | ||
| 005 | 20190320204400.0 | ||
| 008 | 030909s1997----mx-a---###---#000-0#spa-# | ||
| 020 | _a9687835028 | ||
| 041 | _aspa | ||
| 044 | _amx | ||
| 050 | 4 |
_aF1435.1.C3 _b.G37 1997 |
|
| 100 | 1 |
_aGarcía Cook, Angel _99552 |
|
| 245 | 1 | 0 |
_aGuía ilustrada de Cacaxtla _ctextos de Angel García Cook y B. Leonor Merino Carrión. |
| 260 |
_aTizatlán, Tlaxcala _bPatronato Estatal de Promotores Voluntarios en Tlaxcala _cc1997 |
||
| 300 |
_a79 p. _bil. (algunas a color) _c20 cm. |
||
| 504 | _aBibliografía: p. 79 | ||
| 650 | 1 | 4 |
_aIndígenas de México _xAntigüedades _zTlaxcala, México _99553 |
| 650 | 1 | 4 |
_aArte maya _zTlaxcala (México) _99554 |
| 650 | 1 | 4 |
_aMayas _xAntigüedades _99555 |
| 651 | 4 |
_aCacaxtla _xAntigüedades _zTlaxcala (México) _99556 |
|
| 700 | 1 |
_aMerino Carrión, Beatriz Leonor _99557 |
|
| 942 |
_2lcc _cB |
||
| 999 |
_c3412 _d3412 |
||